[Event "European Cities & Towns Chess Championship - Open/Seniors"]
[Site "Central Europe"]
[Date "2023.01.29"]
[Round "7.10.2"]
[White "Tepelenis, Nikolaos"]
[Black "Nelis, Jean-Francois"]
[Result "1/2-1/2"]
[WhiteElo "2096"]
[BlackElo "2112"]
[BlackCountry "MC"]
[BlackFideId "623830"]
[BlackTeam "Monte-Carlo"]
[WhiteCountry "GR"]
[WhiteFideId "4207599"]
[WhiteTeam "Ioannina"]

1. d4 e6 2. Nf3 c5 3. e3 Nf6 4. Bd3 b6 5. O-O Bb7 6. c4 Be7 7. Nc3 cxd4 8.
 exd4 d5 9. cxd5 Nxd5 10. Ne5 O-O 11. Qh5 g6 12. Qh3 Bg5 13. Qg3 Bxc1 14. 
Raxc1 Nd7 15. Rfd1 N7f6 16. Qh4 Rc8 17. Bf1 Kg7 18. a3 Nxc3 19. Rxc3 Rxc3 
20. bxc3 Nd7 21. Qf4 Qf6 22. Qxf6+ Nxf6 23. c4 Rd8 24. f3 Nd7 25. Nxd7 
Rxd7 26. Kf2 e5 27. Ke3 Kf8 28. Rd2 f6 29. dxe5 Rxd2 30. Kxd2 fxe5 31. Ke3
Ke7 32. Bd3 Kd6 33. Be4 Bc8 34. Bd5 a5 35. Bg8 h6 36. h4 g5 37. hxg5 hxg5 
38. g3 Bf5 39. Bf7 Kc5 40. Bg8 Bc2 41. Bf7 Bb3 42. Ke4 b5 43. Kxe5 bxc4 
44. f4 gxf4 45. gxf4 a4 46. f5 c3 47. Bxb3 axb3 48. f6 c2 49. f7 c1=Q 50. 
f8=Q+ Kb5 51. Qb8+ Ka6 52. Qxb3 Qc5+ 53. Ke4 Qe7+ 54. Kd4 Qd6+ 55. Kc3 
Qc5+ 56. Qc4+ Qxc4+ 57. Kxc4 Ka7 58. Kb5 Ka8 59. a4 Ka7 60. a5 Ka8 61. a6 
Ka7 62. Ka5 Ka8 63. Kb6 Kb8 64. a7+ Ka8 65. Ka6 1/2-1/2

[Event "European Cities & Towns Chess Championship - Open/Seniors"]
[Site "Central Europe"]
[Date "2023.01.29"]
[Round "7.10.3"]
[White "Van Hoolandt, Patrick"]
[Black "Basios, Athanasios"]
[Result "0-1"]
[WhiteElo "2017"]
[BlackElo "1860"]
[BlackCountry "GR"]
[BlackFideId "4215494"]
[BlackTeam "Ioannina"]
[WhiteCountry "MC"]
[WhiteFideId "200999"]
[WhiteTeam "Monte-Carlo"]
[WhiteTitle "FM"]

1. d4 d5 2. c4 c6 3. cxd5 cxd5 4. Nf3 Nf6 5. Nc3 Nc6 6. Bf4 a6 7. Rc1 e6 
8. e3 Be7 9. Bd3 O-O 10. h3 Bd7 11. O-O b5 12. Ne5 Na5 13. b3 Nb7 14. a4 
Nd6 15. Nxd7 Qxd7 16. Bxd6 Qxd6 17. axb5 axb5 18. Bxb5 h6 19. Ba4 Rab8 20.
 Nb5 Qb4 21. Qd3 Ne4 22. Nc7 Rb6 23. Rfd1 Bd8 24. Na6 Qd6 25. Nc5 f5 26. 
Nd7 Bc7 27. f4 Rfb8 28. Nxb8 Bxb8 29. Rc8+ Kh7 30. Rdc1 Qe7 31. Qc2 Qh4 
32. Qe2 e5 33. dxe5 Ba7 34. R8c7 Rg6 35. Rxa7 Qxh3 36. Rc2 Qh4 37. Bd7 Ng3
38. Qf3 Qh1+ 39. Kf2 Qf1# 0-1

[Event "European Cities & Towns Chess Championship - Open/Seniors"]
[Site "Central Europe"]
[Date "2023.01.29"]
[Round "7.10.4"]
[White "Notsikas, Georgios"]
[Black "Verdier, Patrice"]
[Result "1-0"]
[WhiteElo "1000"]
[BlackElo "1996"]
[BlackCountry "MC"]
[BlackFideId "606340"]
[BlackTeam "Monte-Carlo"]
[BlackTitle "FM"]
[WhiteCountry "GR"]
[WhiteFideId "42140587"]
[WhiteTeam "Ioannina"]

1. e4 c6 2. d4 d5 3. Nc3 dxe4 4. Nxe4 Nf6 5. Nxf6+ exf6 6. c3 Bd6 7. Bd3 
O-O 8. Qc2 h6 9. Ne2 Re8 10. O-O Nd7 11. Be3 b6 12. Rfe1 Bb7 13. Ng3 Qc7 
14. c4 c5 15. d5 Ne5 16. Bh7+ Kh8 17. Bf5 Bc8 18. Bxc8 Raxc8 19. Nf5 Ng4 
20. h3 Ne5 21. b3 a6 22. a4 Rcd8 23. Rad1 Ng6 24. Qd2 Qd7 25. Nxd6 Qxd6 
26. Re2 Re7 27. Rde1 Rde8 28. Qd3 Qd7 29. Bd2 Ne5 30. Qg3 Qd6 31. Kf1 Kh7 
32. Bf4 g5 33. Bxe5 fxe5 34. Qd3+ Kg7 35. Qf5 Qf6 36. Qxf6+ Kxf6 37. g4 
Rd7 38. Re4 Rde7 39. Kg2 Kg6 40. Kg3 f6 41. h4 Rd7 42. Rh1 gxh4+ 43. Rxh4 
Rg8 44. Rh5 Rb7 45. f4 exf4+ 46. Kxf4 b5 47. axb5 axb5 48. Re6 bxc4 49. 
bxc4 Rb4 50. Re4 Rd8 51. Rh1 Ra8 52. Rc1 Ra2 53. Re3 Rd2 54. Rcc3 Rd4+ 55.
 Re4 Rd1 56. Ree3 Rf1+ 57. Kg3 Rd1 58. Red3 Rg1+ 59. Kf3 Kf7 60. Kf4 Ke7 
61. Kf5 Rf1+ 62. Kg6 Rf4 63. Kh5 Kd6 64. Rf3 Rxf3 65. Rxf3 Ke7 66. Rc3 Kf7
67. Kxh6 Rb1 68. Rh3 Rc1 69. g5 fxg5 70. Kxg5 Rxc4 71. Kf5 Rd4 72. Ke5 Rd1
73. Rh7+ Kg6 74. Rc7 Rc1 75. d6 c4 76. d7 Rd1 77. Ke6 Re1+ 78. Kd6 Rd1+ 
79. Ke7 Re1+ 80. Kd8 Ra1 81. Rxc4 Kf6 82. Kc7 Ra7+ 83. Kd6 Ra6+ 84. Rc6 
Ra8 85. Rc8 Ra6+ 86. Kc5 Ra5+ 87. Kb4 Rd5 88. d8=Q+ 1-0

[Event "European Cities & Towns Chess Championship - Open/Seniors"]
[Site "Central Europe"]
[Date "2023.01.29"]
[Round "7.11.1"]
[White "Babarovic, Fran"]
[Black "Freeland, Alex"]
[Result "0-1"]
[WhiteElo "1275"]
[BlackElo "2016"]
[BlackCountry "GB"]
[BlackFideId "1802062"]
[BlackTeam "Hammersmith - West London"]
[Termination "time forfeit"]
[WhiteCountry "SI"]
[WhiteFideId "14641429"]
[WhiteTeam "Ljubljana - Komenda"]

1. e4 e6 2. d4 d5 3. Nc3 Nf6 4. e5 Nfd7 5. Nf3 c5 6. Be3 Nc6 7. dxc5 Ndxe5
8. Nxe5 Nxe5 9. Bb5+ Bd7 10. Bxd7+ Nxd7 11. b4 Qf6 12. Bd4 e5 13. Nxd5 Qc6
14. Be3 a5 15. O-O axb4 16. Nxb4 Qc8 17. Nd3 Be7 18. Qh5 Bf6 19. Rfe1 O-O 
20. Bd2 Re8 21. Bg5 e4 22. Nf4 Bxa1 23. Rxa1 Qxc5 24. Qg4 Qc3 25. Rd1 Ne5 
26. Qf5 Ng6 27. h3 Qxc2 28. Rd7 Qxa2 29. Nd5 Qa1+ 30. Kh2 Qe5+ 31. Qxe5 
Nxe5 32. Rxb7 h6 33. Bf4 Ng6 34. Be3 Rad8 35. Nc7 Re7 36. Bb6 Rc8 37. Ra7 
Ne5 0-1

[Event "European Cities & Towns Chess Championship - Open/Seniors"]
[Site "Central Europe"]
[Date "2023.01.29"]
[Round "7.11.3"]
[White "Krstic, David"]
[Black "Kelmendi, Bajrush"]
[Result "0-1"]
[WhiteElo "1000"]
[BlackElo "1942"]
[BlackCountry "GB"]
[BlackFideId "426024"]
[BlackTeam "Hammersmith - West London"]
[WhiteCountry "SI"]
[WhiteFideId "14654946"]
[WhiteTeam "Ljubljana - Komenda"]

1. d4 g6 2. c4 Bg7 3. Nc3 b6 4. Nf3 Bb7 5. Bf4 e6 6. e3 Ne7 7. Be2 a6 8. 
O-O O-O 9. Re1 d5 10. cxd5 Nxd5 11. Nxd5 Bxd5 12. Qc2 Ra7 13. e4 Ba8 14. 
Rad1 Nd7 15. Bc4 Nf6 16. e5 Nd5 17. Bg3 c5 18. Bxd5 Bxd5 19. dxc5 Rc7 20. 
b4 bxc5 21. bxc5 Qe7 22. Rc1 Rfc8 23. Qa4 Rxc5 24. Rxc5 Qxc5 25. Qxa6 Ra8 
26. Qd6 Qc3 27. a4 Bxf3 28. Rf1 Bd5 29. Bf4 Qc6 30. f3 Bf8 31. Qxc6 Bxc6 
32. Ra1 Rxa4 33. Rxa4 Bxa4 34. Kf2 Bc5+ 35. Be3 Bxe3+ 36. Kxe3 Kg7 37. g4 
g5 38. f4 Kg6 39. Ke4 Bc6+ 40. Ke3 h5 41. Kf2 hxg4 42. Kg3 Kf5 43. fxg5 
Kxg5 44. h3 gxh3 45. Kxh3 Kf4 46. Kh2 Kxe5 47. Kg1 Kf4 48. Kf2 e5 49. Ke2 
Kg3 50. Ke3 f5 51. Ke2 Bb5+ 52. Ke3 Bc4 53. Kd2 f4 54. Ke1 e4 55. Kd2 e3+ 
56. Kc3 Ba6 57. Kc2 f3 58. Kd1 f2 59. Kc2 f1=Q 60. Kc3 Qc4+ 61. Kb2 e2 62.
 Ka3 e1=Q 63. Kb2 Qec1# 0-1

[Event "European Cities & Towns Chess Championship - Open/Seniors"]
[Site "Central Europe"]
[Date "2023.01.29"]
[Round "8.1.1"]
[White "Manolache, Marius"]
[Black "Nguyen, Thai Dai Van"]
[Result "0-1"]
[WhiteElo "2454"]
[BlackElo "2656"]
[BlackCountry "CZ"]
[BlackFideId "358878"]
[BlackTeam "Prague - Open"]
[BlackTitle "GM"]
[WhiteCountry "RO"]
[WhiteFideId "1201530"]
[WhiteTeam "CSM Galati"]
[WhiteTitle "GM"]

1. d4 Nf6 2. Bg5 d5 3. Bxf6 gxf6 4. Nf3 c5 5. c4 e5 6. dxe5 d4 7. exf6 
Qxf6 8. Nbd2 Nc6 9. g3 Bd7 10. Bg2 O-O-O 11. O-O h5 12. h4 Qg6 13. a3 Rg8 
14. Ng5 f6 15. Nh3 Bh6 16. Ne4 Bg4 17. Nxc5 Qf5 18. Nxb7 Kxb7 19. Qa4 Rd6 
20. Kh2 Bxe2 21. b4 Bf3 22. c5 Re6 23. Bxf3 Qxf3 24. b5 Ne5 25. c6+ Ka8 
26. Qa6 Rb8 27. c7 Rxa6 28. cxb8=Q+ Kxb8 29. bxa6 Ng4+ 30. Kg1 Be3 31. 
Rab1+ Kc8 32. Rfc1+ Bxc1 33. Rxc1+ Kd7 34. Rb1 d3 35. Rb2 Qd1+ 36. Kg2 d2 
37. Rb7+ Kc6 38. Rxa7 Qe2 0-1

[Event "European Cities & Towns Chess Championship - Open/Seniors"]
[Site "Central Europe"]
[Date "2023.01.29"]
[Round "8.1.2"]
[White "Rodshtein, Maxim"]
[Black "Barbu, Simon-Alexandru"]
[Result "1-0"]
[WhiteElo "2616"]
[BlackElo "2023"]
[BlackCountry "RO"]
[BlackFideId "1257170"]
[BlackTeam "CSM Galati"]
[WhiteCountry "IL"]
[WhiteFideId "2806851"]
[WhiteTeam "Prague - Open"]
[WhiteTitle "GM"]

1. Nf3 Nf6 2. g3 g6 3. Bg2 c5 4. b3 Bg7 5. Bb2 Nc6 6. c4 O-O 7. O-O Rb8 8.
 d4 cxd4 9. Nxd4 Qa5 10. Nc3 Qh5 11. Nd5 Nxd5 12. cxd5 Ne5 13. e3 Qxd1 14.
 Rfxd1 d6 15. Rac1 Bg4 16. Rd2 Rfc8 17. f4 Rxc1+ 18. Bxc1 Nd7 19. h3 Bxd4 
20. Rxd4 Be2 21. Rd2 Ba6 22. Rc2 Kf8 23. e4 Ke8 24. Be3 b6 25. Rc7 Bb7 26.
 b4 Kd8 27. Rc3 Rc8 28. Rxc8+ Bxc8 29. Kf2 Ba6 30. a3 Bc4 31. Bd4 Kc7 32. 
Ke3 Kb7 33. g4 b5 34. h4 Nb6 35. f5 Bb3 36. Bxb6 Kxb6 37. Kf4 h6 38. fxg6 
fxg6 39. g5 h5 40. Bh3 e5+ 41. dxe6 Kc7 42. e7 Bf7 43. Be6 Be8 44. e5 d5 
45. Ke3 a6 46. Kd4 Kc6 47. Bxd5+ Kd7 48. Bb7 Kxe7 49. Bxa6 Ke6 50. Bc8+ 
Ke7 51. Kd5 Kd8 52. Ba6 Ke7 53. e6 1-0

[Event "European Cities & Towns Chess Championship - Open/Seniors"]
[Site "Central Europe"]
[Date "2023.01.29"]
[Round "8.1.3"]
[White "Tudoroiu, Razvan-Catalin"]
[Black "Movsesian, Sergei"]
[Result "0-1"]
[WhiteElo "1923"]
[BlackElo "2615"]
[BlackCountry "AM"]
[BlackFideId "310204"]
[BlackTeam "Prague - Open"]
[BlackTitle "GM"]
[WhiteCountry "RO"]
[WhiteFideId "1281100"]
[WhiteTeam "CSM Galati"]

1. d4 Nf6 2. c4 g6 3. Nc3 Bg7 4. e4 O-O 5. h3 d6 6. Be3 c6 7. g4 a6 8. 
Nge2 b5 9. Ng3 bxc4 10. Bxc4 d5 11. Bd3 dxe4 12. Ngxe4 Nd5 13. Nxd5 cxd5 
14. Ng5 Nc6 15. Nf3 e5 16. Nxe5 Nxe5 17. dxe5 Bxe5 18. Qd2 Rb8 19. Rb1 d4 
20. Bg5 Qd5 21. O-O f6 22. Bf4 Qf3 23. Bc4+ Kh8 24. Bxe5 Bb7 0-1

[Event "European Cities & Towns Chess Championship - Open/Seniors"]
[Site "Central Europe"]
[Date "2023.01.29"]
[Round "8.1.4"]
[White "Nemec, Jachym"]
[Black "Jugaru, Lucian"]
[Result "1-0"]
[WhiteElo "2361"]
[BlackElo "1839"]
[BlackCountry "RO"]
[BlackFideId "1220497"]
[BlackTeam "CSM Galati"]
[WhiteCountry "CZ"]
[WhiteFideId "23716525"]
[WhiteTeam "Prague - Open"]
[WhiteTitle "FM"]

1. d4 d5 2. c4 e6 3. Nc3 a6 4. cxd5 exd5 5. Nf3 c6 6. Bf4 Bd6 7. Bxd6 Qxd6
8. e3 Bf5 9. Qb3 Qe7 10. Ne2 Nf6 11. Ng3 Bg6 12. Be2 Ne4 13. Ne5 O-O 14. 
Nxg6 hxg6 15. Nxe4 dxe4 16. O-O Qc7 17. Qc2 f5 18. Bc4+ Kh7 19. f3 exf3 
20. Rxf3 g5 21. Rxf5 Rxf5 22. Qxf5+ g6 23. Qh3+ Kg7 24. Rf1 1-0

[Event "European Cities & Towns Chess Championship - Open/Seniors"]
[Site "Central Europe"]
[Date "2023.01.29"]
[Round "8.2.1"]
[White "Mastrovasilis, Dimitrios"]
[Black "Tomic, Aleksandar"]
[Result "0-1"]
[WhiteElo "2605"]
[BlackElo "2417"]
[BlackCountry "ME"]
[BlackFideId "16501799"]
[BlackTeam "Niksic"]
[BlackTitle "FM"]
[Termination "time forfeit"]
[WhiteCountry "GR"]
[WhiteFideId "4202694"]
[WhiteTeam "Thessaloniki"]
[WhiteTitle "GM"]

1. e4 c5 2. Nf3 e6 3. c4 Nc6 4. d4 cxd4 5. Nxd4 Bc5 6. Nb3 Be7 7. Nc3 d6 
8. Be2 Nf6 9. Bf4 a6 10. Qd2 b6 11. O-O O-O 12. Rac1 Bb7 13. Qe3 Nd7 14. 
Rfd1 Nce5 15. Nd2 Rc8 16. b3 g5 17. Bg3 Ng6 18. h3 Qc7 19. Nf3 h6 20. Nd4 
Nde5 21. Bh5 Kh7 22. Qd2 Nf4 23. Bg4 Ned3 24. Rc2 Bf6 25. Nde2 b5 26. Nxf4
Nxf4 27. Bxf4 gxf4 0-1

[Event "European Cities & Towns Chess Championship - Open/Seniors"]
[Site "Central Europe"]
[Date "2023.01.29"]
[Round "8.2.2"]
[White "Krivokapic, Marko"]
[Black "Papaioannou, Ioannis"]
[Result "1/2-1/2"]
[WhiteElo "2386"]
[BlackElo "2628"]
[BlackCountry "GR"]
[BlackFideId "4201345"]
[BlackTeam "Thessaloniki"]
[BlackTitle "GM"]
[WhiteCountry "ME"]
[WhiteFideId "931314"]
[WhiteTeam "Niksic"]
[WhiteTitle "IM"]

1. e4 e5 2. Nf3 Nc6 3. Bc4 Nf6 4. Ng5 d5 5. exd5 Na5 6. Bb5+ c6 7. dxc6 
bxc6 8. Be2 h6 9. Nf3 e4 10. Ne5 Bc5 11. c3 Bd6 12. f4 O-O 13. O-O c5 14. 
d4 exd3 15. Bxd3 c4 16. Bc2 Qb6+ 17. Kh1 Bb7 18. Qe2 Bc5 19. Nd2 Rfe8 20. 
b4 cxb3 21. axb3 Ba6 22. c4 Bb7 23. Bb2 Rad8 24. Bc3 Nc6 25. Ndf3 Ng4 26. 
Qe4 Nf6 27. Qe2 Ng4 28. Qe4 Nf6 29. Qe2 1/2-1/2

[Event "European Cities & Towns Chess Championship - Open/Seniors"]
[Site "Central Europe"]
[Date "2023.01.29"]
[Round "8.2.3"]
[White "Mastrovasilis, Athanasios"]
[Black "Kisic, Bozidar"]
[Result "1-0"]
[WhiteElo "2520"]
[BlackElo "2303"]
[BlackCountry "ME"]
[BlackFideId "16500350"]
[BlackTeam "Niksic"]
[BlackTitle "FM"]
[WhiteCountry "GR"]
[WhiteFideId "4201990"]
[WhiteTeam "Thessaloniki"]
[WhiteTitle "GM"]

1. d4 Nf6 2. c4 c5 3. d5 b5 4. cxb5 a6 5. bxa6 d6 6. Nc3 g6 7. Nf3 Bg7 8. 
e4 O-O 9. Bd3 Bxa6 10. O-O Nbd7 11. h3 Qa5 12. Rb1 Rfb8 13. Bxa6 Qxa6 14. 
Bd2 Nb6 15. b3 Qd3 16. Re1 Nfd7 17. Re3 Qa6 18. a4 c4 19. Nb5 Rb7 20. Nbd4
cxb3 21. Rexb3 Nc5 22. Rb5 Nbxa4 23. Rxb7 Nxb7 24. Nc6 Bf6 25. Qc2 Nbc5 
26. Bg5 Re8 27. h4 Qd3 28. Qxd3 Nxd3 29. Nd2 Nac5 30. Bxf6 exf6 31. f3 Kg7
32. Nc4 Ra8 33. Nxd6 Ra2 34. Nb4 Nxb4 35. Rxb4 Nd3 36. Rb7 Nf4 37. Rxf7+ 
Kg8 38. Rxf6 Nxg2 39. h5 Kg7 40. Ne8+ Kh6 41. hxg6 hxg6 42. d6 Ne3 43. d7 
Rg2+ 44. Kh1 1-0

[Event "European Cities & Towns Chess Championship - Open/Seniors"]
[Site "Central Europe"]
[Date "2023.01.29"]
[Round "8.2.4"]
[White "Saric, Igor"]
[Black "Ioannidis, Evgenios"]
[Result "0-1"]
[WhiteElo "2282"]
[BlackElo "2476"]
[BlackCountry "GR"]
[BlackFideId "4229274"]
[BlackTeam "Thessaloniki"]
[BlackTitle "IM"]
[WhiteCountry "ME"]
[WhiteFideId "909319"]
[WhiteTeam "Niksic"]
[WhiteTitle "FM"]

1. e4 e5 2. Nf3 Nc6 3. Bc4 Bc5 4. d3 Nf6 5. Nc3 h6 6. a4 a6 7. h3 d6 8. 
Be3 Bxe3 9. fxe3 O-O 10. O-O Be6 11. Bxe6 fxe6 12. Nh2 d5 13. exd5 exd5 
14. Ng4 d4 15. Nxf6+ Rxf6 16. Rxf6 Qxf6 17. Ne4 Qg6 18. Qe2 dxe3 19. c3 
Ne7 20. Qxe3 Nd5 21. Qg3 Qxg3 22. Nxg3 Nf4 23. Rd1 Rd8 24. d4 c5 25. Nf5 
exd4 26. cxd4 cxd4 27. Kf2 Ne6 28. Kf3 Kf7 29. b4 Kf6 30. Ke4 Ng5+ 31. Kf4
d3 32. h4 Ne6+ 33. Ke4 g6 34. Ne3 Rd4+ 35. Kf3 h5 36. g3 Ke5 37. Rb1 Re4 
38. b5 a5 39. Rd1 Nc5 40. Ng2 Rxa4 41. Nf4 Rxf4+ 42. gxf4+ Kd4 43. b6 a4 
44. Rg1 Nb3 45. Rxg6 a3 46. Rg2 d2 47. Rg1 a2 48. f5 Nc1 49. f6 a1=Q 50. 
f7 Qa3+ 51. Kg2 Ke3 52. Rf1 Qf8 53. Rf3+ Ke4 54. Rf1 Nd3 55. Rd1 Ke3 56. 
Rf1 Ne1+ 0-1

[Event "European Cities & Towns Chess Championship - Open/Seniors"]
[Site "Central Europe"]
[Date "2023.01.29"]
[Round "8.3.1"]
[White "Massoni, Michael"]
[Black "Kourkoulos-Arditis, Stamatis"]
[Result "0-1"]
[WhiteElo "2322"]
[BlackElo "2537"]
[BlackCountry "GR"]
[BlackFideId "4221990"]
[BlackTeam "Kallithea - Athens"]
[BlackTitle "IM"]
[Termination "time forfeit"]
[WhiteCountry "FR"]
[WhiteFideId "654213"]
[WhiteTeam "Corsica "]
[WhiteTitle "IM"]

1. e4 c5 2. Nf3 d6 3. d4 cxd4 4. Nxd4 Nf6 5. Nc3 Nc6 6. Bg5 e6 7. Qd3 a6 
8. O-O-O Bd7 9. Kb1 Be7 10. Be2 Qc7 11. h4 b5 12. Nxc6 Bxc6 13. Bf3 Rd8 
14. Qe3 b4 15. Bxf6 Bxf6 16. Nd5 Bxd5 17. exd5 e5 18. g4 O-O 19. Be4 Qc4 
20. Qf3 Be7 21. h5 f5 22. gxf5 h6 23. f6 Rxf6 24. Qg4 Kh8 25. Rhg1 Rg8 26.
 f3 a5 27. Qd7 Bf8 28. Qg4 a4 29. b3 Qc3 30. Rd3 Qc5 31. bxa4 Be7 32. Rg2 
Qa7 33. Rb3 Qxa4 34. Bd3 Qa7 35. Qe4 g6 36. hxg6 Kg7 37. Qxb4 Ra8 38. a3 
Rxf3 39. Qb7 Rf4 40. Qxa7 Rxa7 41. Ka2 e4 42. Bb5 Bf6 43. a4 Bd4 44. Bc6 
e3 45. Rb8 Rf2 46. Rg4 Rxc2+ 47. Kb1 Rd2 48. Re8 e2 49. Rge4 Be5 0-1

[Event "European Cities & Towns Chess Championship - Open/Seniors"]
[Site "Central Europe"]
[Date "2023.01.29"]
[Round "8.3.2"]
[White "Halkias, Stelios"]
[Black "Pieri, Pierre-Louis"]
[Result "1-0"]
[WhiteElo "2516"]
[BlackElo "2138"]
[BlackCountry "FR"]
[BlackFideId "20622627"]
[BlackTeam "Corsica "]
[WhiteCountry "GR"]
[WhiteFideId "4201809"]
[WhiteTeam "Kallithea - Athens"]
[WhiteTitle "GM"]

1. Nf3 Nf6 2. c4 e6 3. g3 d5 4. d4 a6 5. Bg2 dxc4 6. O-O b5 7. Ne5 Nd5 8. 
a4 Bb7 9. e4 Nf6 10. axb5 axb5 11. Rxa8 Bxa8 12. Nc3 b4 13. Qa4+ Nbd7 14. 
Nb5 Be7 15. Qxa8 Qxa8 16. Nxc7+ Kd8 17. Nxa8 Nxe5 18. dxe5 Nd7 19. Be3 Kc8
20. Ra1 Kb7 21. Ra7+ Kc8 22. Bf1 Bd8 23. Bxc4 Nxe5 24. Bb5 Bf6 25. Nb6+ 
1-0

[Event "European Cities & Towns Chess Championship - Open/Seniors"]
[Site "Central Europe"]
[Date "2023.01.29"]
[Round "8.3.3"]
[White "Utrera, Ludovic"]
[Black "Kalogeris, Ioannis"]
[Result "1-0"]
[WhiteElo "2045"]
[BlackElo "2409"]
[BlackCountry "GR"]
[BlackFideId "4239563"]
[BlackTeam "Kallithea - Athens"]
[BlackTitle "FM"]
[WhiteCountry "FR"]
[WhiteFideId "20604580"]
[WhiteTeam "Corsica "]

1. e4 e5 2. Nf3 Nc6 3. Bc4 Bc5 4. c3 Nf6 5. d3 O-O 6. b4 Bb6 7. b5 Na5 8. 
Nxe5 Qe7 9. Bxf7+ Kh8 10. d4 d6 11. Bb3 dxe5 12. Ba3 Qe8 13. Bxf8 Qxf8 14.
 O-O Nxe4 15. Bc2 Bf5 16. Qf3 Nd6 17. Bxf5 Qxf5 18. Qxf5 Nxf5 19. dxe5 Nc4
20. Rd1 Nfe3 21. fxe3 Nxe3 22. Rc1 Rf8 23. Kh1 Nc2 24. Nd2 Nxa1 25. Rxa1 
Kg8 26. Nf3 Rd8 27. Re1 Kf7 28. Ng5+ Kg6 29. h4 Bf2 30. Rf1 Bxh4 31. Ne6 
Re8 32. Nf4+ Kh6 33. Nd3 Rd8 34. Rf3 Kg5 35. Kh2 Kg4 36. Rf4+ Kh5 37. Rd4 
Rxd4 38. cxd4 Kg4 39. Nc5 Kf5 40. Nxb7 Bf2 41. Nd8 Bxd4 42. Nc6 Bxe5+ 43. 
Kh3 Ke4 44. Nxa7 Kd5 45. Nc6 Bf6 46. a4 Kc4 47. Kg4 g6 48. Kf4 h5 49. g4 
h4 50. g5 Bc3 51. Kg4 Kb3 52. a5 Bxa5 53. Nxa5+ Kb4 54. Nc6+ Kxb5 55. Ne5 
Kc5 56. Nxg6 Kd6 57. Nxh4 Ke5 58. Nf3+ Ke6 59. Nd4+ Kf7 60. Nc6 Ke6 61. 
Kh5 Kf7 62. g6+ 1-0

[Event "European Cities & Towns Chess Championship - Open/Seniors"]
[Site "Central Europe"]
[Date "2023.01.29"]
[Round "8.3.4"]
[White "Papasimakopoulos, Alexandros"]
[Black "Geronimi, Pierre-Francois"]
[Result "1-0"]
[WhiteElo "2334"]
[BlackElo "2027"]
[BlackCountry "FR"]
[BlackFideId "655686"]
[BlackTeam "Corsica "]
[WhiteCountry "GR"]
[WhiteFideId "4244125"]
[WhiteTeam "Kallithea - Athens"]
[WhiteTitle "FM"]

1. d4 g6 2. c4 Bg7 3. e4 d6 4. Nc3 a6 5. Be3 b6 6. f4 Bb7 7. Nf3 Nd7 8. 
Be2 e6 9. O-O Ne7 10. Qd2 Nf6 11. Qc2 d5 12. cxd5 exd5 13. e5 Ne4 14. Bd3 
Nf5 15. Rae1 Nxe3 16. Rxe3 Nxc3 17. bxc3 O-O 18. f5 Bc8 19. e6 fxe6 20. 
fxg6 h6 21. Qe2 Qf6 22. Nd2 Qe7 23. Rxf8+ Qxf8 24. Rf3 Qd6 25. Rf7 Bd7 26.
 Qf2 Rf8 27. Nf3 Be8 28. Ne5 Qa3 29. Qd2 Bxf7 30. gxf7+ Rxf7 31. Nxf7 Kxf7
32. Qf4+ Kg8 33. Qxc7 Qc1+ 34. Kf2 Bxd4+ 35. Kg3 Qe3+ 36. Kg4 Qg5+ 37. Kf3
Qe3+ 38. Kg4 Qxd3 39. cxd4 Qxd4+ 40. Kh5 Qg7 41. Qc8+ Kh7 42. Qc2+ Kh8 43.
 h4 e5 44. Qc8+ Kh7 45. Qf5+ Kg8 46. Qc8+ Qf8 47. Qg4+ Qg7 48. Qc8+ Qf8 
49. Qg4+ Kh8 50. Qe6 Qg7 51. Qxd5 b5 52. a3 Kh7 53. Qe6 Kh8 54. Qxa6 Qf7+ 
55. Kxh6 Qf4+ 56. Kg6 Qg4+ 57. Kf6 Qxh4+ 58. Kxe5 Qg5+ 59. Kd4 Qf4+ 60. 
Kc5 Qc4+ 61. Kb6 Qe6+ 62. Ka5 Qe1+ 63. Kb6 Qe6+ 64. Ka7 Qe3+ 65. Kb8 Qe5+ 
66. Kb7 Qd5+ 67. Qc6 Qf7+ 68. Kb6 Qf2+ 69. Kxb5 Qa2 70. Qc3+ Kh7 71. g3 
Qb1+ 72. Ka5 Qg1 73. Qc7+ Kh8 74. Qb8+ Kh7 75. Qb7+ Kh8 76. Qc8+ Kh7 77. 
Qc7+ Kh8 78. a4 Qe1+ 79. Kb5 Qe2+ 80. Kb4 Qe1+ 81. Qc3+ Qxc3+ 82. Kxc3 1-0

[Event "European Cities & Towns Chess Championship - Open/Seniors"]
[Site "Central Europe"]
[Date "2023.01.29"]
[Round "8.4.1"]
[White "Stoleriu, George"]
[Black "Tarhan, Adar"]
[Result "0-1"]
[WhiteElo "2389"]
[BlackElo "2321"]
[BlackCountry "TR"]
[BlackFideId "34544712"]
[BlackTeam "Istanbul - Open"]
[BlackTitle "FM"]
[WhiteCountry "RO"]
[WhiteFideId "1227505"]
[WhiteTeam "Iasi"]
[WhiteTitle "FM"]

1. e4 e5 2. Nf3 Nc6 3. Bb5 a6 4. Ba4 Nf6 5. d3 Bc5 6. O-O b5 7. Bb3 d6 8. 
c3 Bb6 9. Re1 Bb7 10. h3 Ne7 11. Nbd2 Ng6 12. Nf1 O-O 13. Ng3 Re8 14. Nh2 
d5 15. Bg5 h6 16. Bxf6 Qxf6 17. Ng4 Qd8 18. Nf5 h5 19. Nge3 Nf4 20. Nxd5 
Bxd5 21. Bxd5 Qg5 22. Qf3 Rad8 23. Rad1 Rxd5 24. exd5 Qxf5 25. Re4 Rd8 26.
 Rde1 Nxh3+ 27. Kf1 Qxf3 28. gxf3 Ng5 29. Rxe5 Nxf3 30. Re8+ Rxe8 31. 
Rxe8+ Kh7 32. Kg2 Nh4+ 33. Kf1 Nf5 34. d4 g5 35. Ra8 a5 36. Ke2 g4 37. Kf1
h4 38. Kg2 h3+ 39. Kg1 Nh4 40. Re8 Nf3+ 41. Kh1 f5 42. Re7+ Kg6 43. Re6+ 
Kg5 44. Rc6 f4 45. Re6 g3 46. fxg3 fxg3 47. Re2 b4 0-1

[Event "European Cities & Towns Chess Championship - Open/Seniors"]
[Site "Central Europe"]
[Date "2023.01.29"]
[Round "8.4.2"]
[White "Can, Isik"]
[Black "Gheorghiu, Calin"]
[Result "1-0"]
[WhiteElo "2488"]
[BlackElo "2317"]
[BlackCountry "RO"]
[BlackFideId "1200305"]
[BlackTeam "Iasi"]
[BlackTitle "FM"]
[WhiteCountry "TR"]
[WhiteFideId "6383742"]
[WhiteTeam "Istanbul - Open"]
[WhiteTitle "IM"]

1. e4 e6 2. d4 d5 3. Nd2 c5 4. Ngf3 cxd4 5. Nxd4 Nc6 6. Bb5 Bd7 7. Nxc6 
bxc6 8. Bd3 Bd6 9. Qe2 e5 10. O-O Qe7 11. exd5 cxd5 12. c4 e4 13. Bb1 f5 
14. cxd5 Nf6 15. Nc4 O-O 16. Nxd6 Qxd6 17. Rd1 Rab8 18. a4 Rb4 19. b3 Rxb3
20. Bc2 Rc3 21. Bb2 Ng4 22. g3 Rf3 23. Bd4 Qh6 24. h4 Qd6 25. Rab1 Bc8 26.
 Rb3 Ba6 27. Qd2 e3 28. Bxe3 Rxg3+ 29. fxg3 Qxg3+ 30. Qg2 Qxh4 31. Bf2 Qh5
32. Rh3 Qe8 33. d6 Qe2 34. Bd4 Qe6 35. Bb3 Bc4 36. Bxc4 Qxc4 37. Rc3 Qxa4 
38. Qd5+ Kh8 39. Qb3 Qe8 40. Rc7 Rg8 41. Rxg7 Rxg7 42. Bxg7+ Kxg7 43. d7 
Qe2 44. Qc3+ Kf7 45. Qd2 Qa6 46. d8=Q 1-0

[Event "European Cities & Towns Chess Championship - Open/Seniors"]
[Site "Central Europe"]
[Date "2023.01.29"]
[Round "8.4.3"]
[White "Calin, Alexandru"]
[Black "Makaraci, Tunahan"]
[Result "1-0"]
[WhiteElo "2169"]
[BlackElo "2296"]
[BlackCountry "TR"]
[BlackFideId "6356559"]
[BlackTeam "Istanbul - Open"]
[WhiteCountry "RO"]
[WhiteFideId "1222961"]
[WhiteTeam "Iasi"]
[WhiteTitle "FM"]

1. d4 d5 2. Nf3 c5 3. c4 e6 4. cxd5 exd5 5. Nc3 Nc6 6. g3 Nf6 7. Bg2 cxd4 
8. Nxd4 Bc5 9. Nb3 Bb6 10. Nxd5 Be6 11. Nxf6+ Qxf6 12. O-O O-O 13. Qd6 
Rfd8 14. Qf4 Qe7 15. Be3 Bxb3 16. Bxb6 axb6 17. axb3 Rac8 18. Bh3 Rb8 19. 
e3 h6 20. Rfd1 Ne5 21. Qe4 Qf6 22. Bg2 Nc6 23. Qc2 Rdc8 24. Qe2 Na5 25. 
Ra4 Rd8 26. Rf4 Qe6 27. b4 Nc6 28. b5 Na5 29. Rfd4 Rxd4 30. Rxd4 Nb3 31. 
Rd1 Nc5 32. b4 Ne4 33. Qd3 Nf6 34. Qd6 Qc8 35. Qxb6 Qc2 36. Qd6 Ra8 37. 
Bxb7 Ra2 38. Rf1 Ng4 39. Qf4 Nf6 40. Bf3 Nd7 41. Bd5 Nf6 42. Bxa2 Qxa2 43.
 b6 Qa6 44. Qc7 Kh7 45. b7 Nd5 46. Qc2+ 1-0